000 00729nam a2200241Ia 4500
003 OSt
005 20220923214755.0
006 a|||||r|||| 00| 0
007 ta
008 220922b |||||||| |||| 00| 0 hin d
024 _a172,594
037 _cTextual
040 _aARTS
_cARTS
_bhin
041 _2hin
_ahin
082 _aO152,8N40x, L2
100 _aकोहली, नरेन्द्र
245 0 _aपांच एबसर्ड उपन्यास
246 _aPāancha ebasarḍa upanyāsa
260 _c1972
650 _aहिन्दी साहित्य
_9156264
942 _hO152,8N40x, L2
_cTEXL
_2CC
999 _c326602
_d326602